<?xml version="1.0" encoding="UTF-8"?><?xml-stylesheet type="text/xsl" href="static/style.xsl"?><OAI-PMH xmlns="http://www.openarchives.org/OAI/2.0/" xmlns:xsi="http://www.w3.org/2001/XMLSchema-instance" xsi:schemaLocation="http://www.openarchives.org/OAI/2.0/ http://www.openarchives.org/OAI/2.0/OAI-PMH.xsd"><responseDate>2026-04-14T19:47:27Z</responseDate><request verb="GetRecord" identifier="oai:uvadoc.uva.es:10324/31403" metadataPrefix="marc">https://uvadoc.uva.es/oai/request</request><GetRecord><record><header><identifier>oai:uvadoc.uva.es:10324/31403</identifier><datestamp>2025-02-25T08:32:21Z</datestamp><setSpec>com_10324_1191</setSpec><setSpec>com_10324_931</setSpec><setSpec>com_10324_894</setSpec><setSpec>col_10324_1381</setSpec></header><metadata><record xmlns="http://www.loc.gov/MARC21/slim" xmlns:doc="http://www.lyncode.com/xoai" xmlns:xsi="http://www.w3.org/2001/XMLSchema-instance" xmlns:dcterms="http://purl.org/dc/terms/" xsi:schemaLocation="http://www.loc.gov/MARC21/slim http://www.loc.gov/standards/marcxml/schema/MARC21slim.xsd">
<leader>00925njm 22002777a 4500</leader>
<datafield tag="042" ind1=" " ind2=" ">
<subfield code="a">dc</subfield>
</datafield>
<datafield tag="720" ind1=" " ind2=" ">
<subfield code="a">Sanz Martínez, María Luisa</subfield>
<subfield code="e">author</subfield>
</datafield>
<datafield tag="720" ind1=" " ind2=" ">
<subfield code="a">Martínez Monés, Alejandra</subfield>
<subfield code="e">author</subfield>
</datafield>
<datafield tag="720" ind1=" " ind2=" ">
<subfield code="a">Bote Lorenzo, Miguel Luis</subfield>
<subfield code="e">author</subfield>
</datafield>
<datafield tag="720" ind1=" " ind2=" ">
<subfield code="a">Dimitriadis Damoulis, Ioannis</subfield>
<subfield code="e">author</subfield>
</datafield>
<datafield tag="260" ind1=" " ind2=" ">
<subfield code="c">2018</subfield>
</datafield>
<datafield tag="520" ind1=" " ind2=" ">
<subfield code="a">Active pedagogies can improve the pedagogical effectiveness of&#xd;
MOOCs. Group formation, an essential step in the design of small-group learning&#xd;
activities, can be challenging in MOOCs given the scale and the wide variety of&#xd;
students’ behaviors in such contexts. In this paper, we further analyze the&#xd;
suitability of applying the students’ engagement in the course as grouping&#xd;
criterion to form small groups in MOOC contexts. The impact of a grouping&#xd;
strategy based on requiring homogeneity among the students’ engagement of the&#xd;
group is examined in a real MOOC context. In a preliminary stage the results&#xd;
have been analyzed in terms of peer interactions, active students per team and&#xd;
students’ satisfaction. These results have been also compared with those in prior&#xd;
interventions in real MOOCs, thus validating previous findings about the&#xd;
suitability of this approach. The role of the timing of grouping was also examined&#xd;
by carrying out two collaborative activities at different weeks (the fourth and the&#xd;
sixth). A consistent improvement of all indicators was observed in the second&#xd;
intervention and its possible causes are discussed.</subfield>
</datafield>
<datafield tag="024" ind2=" " ind1="8">
<subfield code="a">http://uvadoc.uva.es/handle/10324/31403</subfield>
</datafield>
<datafield tag="245" ind1="0" ind2="0">
<subfield code="a">Validating performance of group formation based on homogeneous engagement criteria in MOOCs</subfield>
</datafield>
</record></metadata></record></GetRecord></OAI-PMH>